Basic instrumentation (Record no. 611)

MARC details
000 -LEADER
Fixed length control field 00440nam a2200169 4500
003 - CONTROL NUMBER IDENTIFIER
Control field SEACOMEC
005 - DATE AND TIME OF LATEST TRANSACTION
Control field 20240209144958.0
008 - FIXED-LENGTH DATA ELEMENTS--GENERAL INFORMATION
Fixed length control field 240209b |||||||| |||| 00| 0 eng d
020 ## - INTERNATIONAL STANDARD BOOK NUMBER / ISBN
Price Rs.115.00
040 ## - CATALOGING SOURCE
Original cataloging agency SEACOMEC
082 ## - DEWEY DECIMAL CLASSIFICATION NUMBER
Classification number 620.0284
Book Number J26
100 ## - MAIN ENTRY--PERSONAL NAME
Personal name Jalgaonkar,R.V.
245 1# - TITLE STATEMENT
Title Basic instrumentation
Statement of responsibility R.V. Jalgaonkar
260 ## - IMPRINT
Place of publication Pune
Name of publisher Everest
Date of publication 1999
650 ## - SUBJECT ADDED ENTRY--TOPICAL TERM
Topical term Technology,Engineering and allied operations
942 ## - ADDED ENTRY ELEMENTS (KOHA)
Koha item type Books
Holdings
Withdrawn status Lost status Source of classification Damaged status Not for loan Home library Current library Date acquired Total Checkouts Call number Accession number Date last seen Copy number Price effective from Koha item type
    Dewey Decimal Classification     SEACOM ENGINEERING COLLEGE SEACOM ENGINEERING COLLEGE 07/06/2006   620.0284 J26 02304 09/02/2024 3 09/02/2024 Books
    Dewey Decimal Classification     SEACOM ENGINEERING COLLEGE SEACOM ENGINEERING COLLEGE 07/06/2006   620.0284 J26 02305 09/02/2024 4 09/02/2024 Books
    Dewey Decimal Classification     SEACOM ENGINEERING COLLEGE SEACOM ENGINEERING COLLEGE 07/06/2006   620.0284 J26 02306 09/02/2024 5 09/02/2024 Books
© Seacom Engineering College, All rights reserved.      Powered by Koha